European Countries Starting With N, P, R, S, U And V - Statistics

General Stats
  • This quiz has been taken 118 times
  • The average score is 15 of 17
Answers on the Map
Answers color-coded by a green-red scale on the quiz's map according to % correct below.
 
Answer Stats
Country % Correct
Netherlands
97%
Norway
94%
Poland
88%
United Kingdom
88%
Slovakia
87%
Slovenia
87%
Switzerland
87%
Ukraine
87%
Vatican City
87%
Romania
86%
Serbia
86%
Portugal
85%
Russia
85%
Sweden
85%
Spain
84%
North Macedonia
83%
San Marino
81%
No matching quizzes found
Score Distribution
Percent of People with Each Score
Percentile by Number Answered
Your Score History
You have not taken this quiz